000 00780nam a2200253 a 4500
008
020 _a002415556X (cased)
049 _aMAIN
090 _aTK7871.58.O6
100 1 _aStanley, William D.
245 1 0 _aOperational amplifiers with linear integrated circuits /
_cWilliam D. Stanley.
250 _a3rd ed.
260 _aNew York :
_bMaxwell Macmillan Canada,
_cc1994.
300 _axvii, 759 p. :
_bill.,
_c25 cm.
504 _aIncludes bibliographical references.
500 _aIncludes index.
650 0 _aOperational amplifiers.
650 0 _aLinear integrated circuits.
907 _a.b10100313
_b29-04-04
_c03-12-03
003
005 20230123133530.0
040 _cNUST
942 _cBOOKS
_kTK7871.58.O6
999 _c150225
_d150225